000 00328nam a22001337a 4500
008 180216b xxu||||| |||| 00| 0 eng d
020 _a9780226078908
041 _aeng
080 _a53
100 _a43
101 _aFIZ
245 _aTheories and stories of doing physics scientific practice
_cBuchwald,J.Z
942 _2udc
_cBK
999 _c42718
_d42718